| 000 | 00993nam a22002417a 4500 | ||
|---|---|---|---|
| 999 |
_c65459 _d65459 |
||
| 005 | 20240530110825.0 | ||
| 008 | 190805s2019 ua a g b 000 0 ara d | ||
| 017 |
_a9316/2018 _bمصر . دار الكتب المصرية |
||
| 020 | _a9789776543607 | ||
| 040 | _aEG-CaGPL | ||
| 082 | 0 | 4 |
_221 _a158.2/ _bآ ل |
| 100 | 1 | _aابس، جودى | |
| 245 | 1 | 0 |
_aلغة التاثير الانسانى : _bكيف تجعل الاخرين يحبون الانصات اليك / _cجودى ابس ؛ تعريب طلعت اسعد عبدالحميد |
| 250 | _aط.1 | ||
| 260 |
_aالقاهرة : _bروابط للنشر وتقنية المعلومات ، _c2019 . |
||
| 300 |
_a256 ص. : _bايض ؛ _c24 سم . |
||
| 504 | _aيشتمل على ارجاعات ببليوجرافية | ||
| 650 | 0 | 7 |
_2qarmak _aعلم النفس اللغوى |
| 650 | 0 | 7 | _aالشخصية |
| 700 | 0 |
_aطلعت اسعد عبدالحميد _eتعريب |
|
| 942 |
_2ddc _cBK |
||